| 000 | 00622nam a2200253Ia 4500 | ||
|---|---|---|---|
| 008 | 181129s9999 xx 000 0 und d | ||
| 020 | _a9780439819770 | ||
| 050 | _bR684 1999 | ||
| 100 | _aRockwell, Lizzy | ||
| 245 | 0 | _aGood enough to eat : | |
| 245 | 2 | _ba kid's guide to food and nutrition / | |
| 245 | 0 | _cby Lizzy Rockwell. | |
| 260 | _aNew York, NY : | ||
| 260 | _bScholastic, | ||
| 260 | _c1999 | ||
| 300 | _aunpaged : | ||
| 300 | _bcolor illustrations ; | ||
| 300 | _c25cm. | ||
| 500 | _a740L | ||
| 650 | _aChildren -- Nutrition. | ||
| 650 | _aFood. | ||
| 650 | _aNutrition. | ||
| 700 | _aTitle. | ||
| 999 |
_c360018 _d360018 |
||